Family dancing /

Salvato in:
Dettagli Bibliografici
Autore principale: Leavitt, David
Natura: Libro
Lingua:inglese
Pubblicazione: New York Warner Books stampa 1985
Tags: Aggiungi Tag
Nessun Tag, puoi essere il primo ad aggiungerne!!

MARC

LEADER 00000nam a2200000 4500
001 CDOM0000004440
003 mi
005 20250921132916.0
008 250921b |||||||| |||| 00| 0 eng d
020 |a 0446328456 
040 |c mi 
100 |a Leavitt, David 
245 1 |a Family dancing /  |c David Leavitt 
260 |a New York  |b Warner Books  |c stampa 1985 
300 |a 205 p.  |c 17 cm. 
942 |2 ddc  |c BK 
952 |0 0  |1 0  |2 ddc  |4 0  |6 B_LNR03LEADAFAM11  |7 0  |9 7375  |a MI  |b MI  |d 1988-03-17  |i 937  |l 0  |o B-LNR03-LEADA-FAM11  |p CDOM937  |r 2025-07-13 16:28:00  |w 2025-07-13  |x ACQUISTO  |y BK 
999 |c 6077  |d 6077